LIBRARY & INFORMATION CENTRE, KCAET, TAVANUR

ONLINE PUBLIC ACCESS CATALOGUE (OPAC)

Fundamental mechanics of fluids / (Record no. 13902)

MARC details
000 -LEADER
fixed length control field 01148cam a2200193 a 4500
003 - CONTROL NUMBER IDENTIFIER
control field OSt
008 - FIXED-LENGTH DATA ELEMENTS--GENERAL INFORMATION
fixed length control field 220207b ||||| |||| 00| 0 eng d
020 ## - INTERNATIONAL STANDARD BOOK NUMBER
ISBN 0824708865 (alk. paper)
082 00 - DEWEY DECIMAL CLASSIFICATION NUMBER
Classification number 620.106
Item number CUR/FU
100 1# - MAIN ENTRY--AUTHOR NAME
Personal name Currie, Iain G.
245 10 - TITLE STATEMENT
Title Fundamental mechanics of fluids /
250 ## - EDITION STATEMENT
Edition statement 3rd ed.
260 ## - PUBLICATION, DISTRIBUTION, ETC. (IMPRINT)
Place of publication Boca Raton :
Name of publisher CRC Press,
Year of publication c2006.
300 ## - PHYSICAL DESCRIPTION
Number of Pages xiv, 525 p. :
Other physical details ill. ;
490 1# - SERIES STATEMENT
Series statement Mechanical engineering ;
505 ## - FORMATTED CONTENTS NOTE
Formatted contents note Part I. Governing Equations <br/> 1. Basic Conservation Laws <br/> 2. Flow Kinematics <br/> 3. Special Forms of the Governing Equations <br/>Part II. Ideal-Fluid Flow<br/> 4. Two-Dimensional Potential Flows <br/> 5. Three-Dimensional Potential Flows <br/> 6. Surface Waves <br/>Part III. Viscous Flows of Incompressible Fluids <br/> 7. Exact Solutions <br/> 8. Low-Reynolds-Number Solutions <br/> 9. Boundary Layers<br/> 10. Buoyancy-Driven Flows<br/>Part IV. Compressible Flow of Inviscid Fluids <br/> 11. Shock Waves<br/> 12. One-Dimensional Flows <br/> 13. Multidimensional Flows <br/>
650 #0 - SUBJECT ADDED ENTRY--TOPICAL TERM
Topical Term Fluid mechanics.
942 ## - ADDED ENTRY ELEMENTS (KOHA)
Koha item type Books
Holdings
Withdrawn status Lost status Damaged status Collection code Home library Current library Shelving location Date acquired Source of acquisition Cost, normal purchase price Full call number Accession Number Koha item type
      Non-fiction KAUAET KAUAET General Stacks 30/03/2013 Calicut Book Distributors 595.00 620.106 CUR/FU 23703 Books
free website counter